01351nam a2200217Ia 4500008004100000020001800041050002000059245010100079250001200180260002100192300002000213500002200233505025400255650009200509651002900601700015900630952010900789952010900898952010901007999001701116121028s9999 xx 000 0 und d a968-24-7517-1 aKR116.4 C3 2006 aNueva ley federal del trabajo, tematizada y sistematizada / Cavazos Flores, Baltazar... [et al.] a32a ed. aMexico : Trillas a647 p. / 23 cm. aIncluye índice. a1. Principios generales 2. Relaciones individuales de trabajo 3. Condiciones de trabajo 4. Derechos y obligaciones de los trabajadores y de los patrones 5. Trabajo de las mujeres; Trabajo de los menores 6. Trabajos especiales 7. Relaciones colectiva aTrabajo - Leyes y legislación - México \ Derecho laboral - México - Legislación aMéxico - Legislación aI. Cavazos Chena, Baltazar, coaut. \ II. Cavazos Chena, Humberto, coaut. \ III. Cavazos Chena, J. Carlos, coaut. \ IV. Cavazos Chena, Guillermo, coaut.Ì 00104070a14b14d2009-03-25l2oKR116.4 C3 2006p14 000986r2016-04-05s2016-04-05t1w2012-10-28yLB 00104070a14b14d2009-09-21l1oKR116.4 C3 2006p14 002587r2017-10-30s2017-10-30t3w2012-10-28yLB 00104070a14b14d2009-09-21l1oKR116.4 C3 2006p14 002588r2016-04-05s2016-04-05t2w2012-10-28yLB c84829d84829